Loading...
Fine Arts - Classical Music | 4 | 12.50 | 100% | 25% | 0% |
Fine Arts - Other Fine Arts | 2 | 20.00 | 100% | 50% | 50% |
Fine Arts - Painting & Sculpture | 1 | 10.00 | 0% | 100% | 0% |
History - American History | 1 | 10.00 | 100% | 0% | 0% |
History - European History | 3 | 10.00 | 100% | 0% | 0% |
History - Other History | 3 | 16.67 | 100% | 67% | 0% |
History - World History | 5 | 12.00 | 80% | 20% | 20% |
Literature - American Literature | 2 | 15.00 | 100% | 50% | 0% |
Literature - World Literature | 4 | 5.00 | 50% | 0% | 0% |
Mythology | 4 | 10.00 | 75% | 0% | 25% |
Other | 2 | 10.00 | 100% | 0% | 0% |
Philosophy | 5 | 8.00 | 80% | 0% | 0% |
Religion | 6 | 10.00 | 67% | 17% | 17% |
Science - Biology | 3 | 10.00 | 100% | 0% | 0% |
Science - Chemistry | 2 | 0.00 | 0% | 0% | 0% |
Science - Other Science | 4 | 10.00 | 100% | 0% | 0% |
Science - Physics | 3 | 6.67 | 67% | 0% | 0% |
Social Science | 2 | 15.00 | 100% | 50% | 0% |